Alle deutschen Städte an der Elbe - Statistiken

Allgemein
  • Dieses Quiz wurde 273 mal gespielt
  • Das Durchschnittsergebnis liegt bei 33 aus 59
Antwortstatistiken
Einwohner Stadt Bundesland % Korrekt
556.780 Dresden Sachsen
99%
1.852.478 Hamburg Hamburg
98%
237.565 Magdeburg ST
94%
48.164 Cuxhaven NI
80%
28.282 Meißen Sachsen
80%
45.752 Wittenberg ST
79%
80.103 Dessau-Roßlau ST
78%
38.422 Pirna Sachsen
78%
47.703 Stade NI
78%
33.894 Radebeul Sachsen
71%
29.754 Riesa Sachsen
69%
11.642 Coswig (Anhalt) ST
68%
20.739 Coswig (Sachsen) Sachsen
68%
19.883 Torgau Sachsen
68%
16.925 Wittenberge BB
67%
3.604 Bad Schandau Sachsen
66%
31.160 Geesthacht SH
64%
11.321 Lauenburg/Elbe SH
63%
12.364 Brunsbüttel SH
61%
22.406 Burg (bei Magdeburg) ST
61%
30.532 Schönebeck (Elbe) ST
61%
33.935 Wedel SH
59%
10.779 Glückstadt SH
58%
10.319 Tangermünde ST
58%
10.730 Boizenburg/Elbe MV
57%
16.540 Heidenau Sachsen
56%
2.087 Königstein Sachsen
56%
35.227 Winsen (Luhe) NI
56%
8.181 Dannenberg (Elbe) NI
55%
4.936 Hitzacker (Elbe) NI
55%
1.571 Stadt Wehlen Sachsen
55%
6.547 Havelberg ST
54%
21.470 Zerbst (Anhalt) ST
53%
7.494 Aken (Elbe) ST
52%
9.471 Bleckede NI
50%
3.011 Dömitz MV
50%
7.311 Otterndorf NI
50%
10.705 Tangerhütte ST
50%
8.323 Barby ST
49%
6.773 Jerichow ST
49%
14.067 Jessen/Elster ST
49%
544 Schnackenburg NI
47%
11.441 Wolmirstedt ST
47%
2.071 Lenzen (Elbe) BB
44%
9.222 Zahna-Elster ST
44%
3.671 Mühlberg/Elbe BB
42%
1.042 Werben (Elbe) ST
42%
6.629 Annaburg ST
40%
1.493 Arneburg ST
40%
10.488 Gommern ST
40%
838 Sandau (Elbe) ST
37%
4.825 Seehausen (Altmark) ST
35%
2.533 Bad Wilsnack BB
34%
9.636 Kemberg ST
33%
3.721 Strehla Sachsen
33%
8.223 Bad Schmiedeberg ST
32%
7.719 Belgern-Schildau Sachsen
32%
8.242 Oranienbaum-Wörlitz ST
32%
2.458 Dommitzsch Sachsen
30%
Keine übereinstimmenden Quizze gefunden
Verteilung der Resultate
Anzahl Personen mit jedem Resultat
Perzentil nach korrekt beantworteten Fragen
Ihre Resultats-Entwicklung
Sie haben dieses Quiz noch nicht gespielt